书目信息 |
| 题名: |
代数拓扑与示性类
|
|
| 作者: | 马德森 著 | |
| 分册: | ||
| 出版信息: | 北京 科学出版社 1989.11 |
|
| 页数: | 129页 | |
| 开本: | 20厘米 | |
| 丛书名: | 现代数学基础丛书 | |
| 单 册: | ||
| 中图分类: | O189.2 | |
| 科图分类: | ||
| 主题词: | 代数拓扑 , 示性类 | |
| 电子资源: | ||
| ISBN: | 7-03-001233-X | |
| 000 | 00926nam2 2200301 45 | |
| 001 | 0189015780 | |
| 005 | 20040629145840.0 | |
| 010 | @a7-03-001233-X@dCNY4.90 | |
| 020 | @aCN@b89015780 | |
| 100 | @a19910304d1989 m y0chiy0120 ea | |
| 101 | 1 | @achi@cdan |
| 102 | @aCN@b110000 | |
| 105 | @ay z 000yy | |
| 106 | @ar | |
| 200 | 10 | @a代数拓扑与示性类@Adai shu tuo pu yu shi xing lei@f(丹)马德森著@F( dan ) ma de sen zhu |
| 210 | @a北京@c科学出版社@d1989.11 | |
| 215 | @a129页@d20厘米 | |
| 225 | 2 | @a现代数学基础丛书 |
| 300 | @a著者原题:I.马德森 | |
| 330 | @a本书着重讨论各种同调理论之间的关系,以及在拓扑与几何中至关重要的示性类理论。 | |
| 410 | 0 | @120010@a现代数学基础丛书 |
| 540 | 1 | @a代数 拓扑 示性类@Adai shu tuo pu shi xing lei |
| 606 | @a代数拓扑 | |
| 606 | @a示性类 | |
| 690 | @aO189.2@v1980 | |
| 701 | 0 | @a马德森@Ama de sen@4著 |
| 801 | 0 | @aCN@bNLC@c19910304 |
| 905 | @dO189.2@e20@f1@b225851 | |
| 代数拓扑与示性类/(丹)马德森著.-北京:科学出版社,1989.11 |
| 129页;20厘米.-(现代数学基础丛书) |
| 著者原题:I.马德森 |
| ISBN 7-03-001233-X:CNY4.90 |
| 本书着重讨论各种同调理论之间的关系,以及在拓扑与几何中至关重要的示性类理论。 |
| ● |
| 相关链接 |
|
|
|
|
正题名:代数拓扑与示性类
索取号:O189.2/20
 
预约/预借
| 序号 | 登录号 | 条形码 | 馆藏地/架位号 | 状态 | 备注 |
| 1 | 0225850 | 000399198 | 第三借阅区/ [索取号:O189.2/20] | 在馆 | |
| 2 | 0225851 | 001936230 | 第三借阅区/ [索取号:O189.2/20] | 在馆 | |
| 3 | 0225852 | 000399349 | 第二样本阅览室/ [索取号:O189.2/20] | 在馆 |